LEADER 01056nam a2200241 4500 001 000000363393 003 CaOOAMICUS 005 20250626095526.0 008 250626s2025 it a 000 u ita r 020 $a978-88-00-75035-6 040 $aSeMil$bita 100 1 $aCozzo, Paolo,$d<1972- >.$0(OLS)http://semarc/name/51210 245 10$aStoria del Cristianesimo e delle Chiese /$cPaolo Cozzo, Andrea Nicolotti. 264 1$aFirenze :$bLe Monnier Università,$c2025. 650 4$aCristianesimo - Storia.$0(OLS)http://semarc/subject/130 650 4$aChiesa - Storia.$0(OLS)http://semarc/subject/8 700 1 $aNicolotti, Andrea,$d<1974- >.$0(OLS)http://semarc/name/94240 850 $aSeMil 852 $aSeMil$W1$xVenegono$y1$m3A IV 369$j258835$B254246$CSeMilBibl$Z2$F254246 $81 996 $6020$a978-88-00-75035-6$9(OLS)http://semarc/number/303527 996 $6245$aStoria del Cristianesimo e delle Chiese$9(OLS)http://semarc/title/454583 996 $6264$aFirenze :$bLe Monnier Università$9(OLS)http://semarc/publisher/38317 LEADER 01297nam a2200277 i 4500 001 000000190458 003 CaOOAMICUS 005 20100616000000.0 008 100616s1983 fr u000 u fre u 013 $a168871 020 $a2-7010-1042-X 040 $aSeMil$bita 245 10$aDe la Bretagne a la Silésie :$bmémoires d'exil de Hervé-Julien Le Sage, (1791 à 1800) /$cprésentés par Xavier Lavagne d'Ortigue. 260 $aParis :$bBeauchesne,$c1983. 300 $a433 p. :$bc. geog. ;$c22 cm. 490 0 $aTextes, dossiers, documents ;$v7 650 4$aLe Sage, Hervé-Julien - Diari e memorie - 1791-1800.$0(OLS)http://semarc/subject/35909 700 1 $aOrtigue, Xavier Lavagne : d'.$0(OLS)http://semarc/name/69638 700 1 $aLe Sage, Hervé-Julien.$0(OLS)http://semarc/name/69637 830 0$aTextes, dossiers, documents ;$v7.$0(OLS)http://semarc/title/113 850 $aSeMil 852 $aSeMil$W1$xVenegono$y1$m2U I 189$j141077$B141077$CSeMilBibl$Z2$F152698 $81 961 $aOmaggio: Altro 996 $6020$a2-7010-1042-X$9(OLS)http://semarc/number/181376 996 $6245$aDe la Bretagne a la Silésie :$bmémoires d'exil de Hervé-Julien Le Sage, (1791 à 1800)$9(OLS)http://semarc/title/274378 996 $6260$aParis :$bBeauchesne$9(OLS)http://semarc/publisher/29638